000 00495nam a22001817a 4500
005 20251108164226.0
008 250721s1985 xx 000 0 ara d
082 1 4 _a618.2/ايس
100 1 _aايستمان، نيكولسون ج
245 1 0 _aصحة الحامل /
250 _aط8.
264 1 _aبيروت :
_bدارالأندلس،
_c1985.
300 _a231ص : مص
650 1 7 _aالولادة
700 1 _aحمدان، سامية
_eترجمة
942 _2ddc
_cBK
999 _c6835
_d6835